Využitie exitujúceho obsahu média verzus tvorba obsahu na mieru

Popis formátov, ktoré možno využiť pri natívnej reklame.

Na minha lista:
Detalhes bibliográficos
Autor principal: Kuchta, Martin, 1990-
Formato: Capítulo de Livro
Idioma:eslovaco
Assuntos:
Tags: Adicionar Tag
Sem tags, seja o primeiro a adicionar uma tag!

MARC

LEADER 00000naa a2200000 4500
001 0260907
005 20240502074135.0
041 0 |a slo 
044 |a SK 
245 1 0 |a Využitie exitujúceho obsahu média verzus tvorba obsahu na mieru  |c Martin Kuchta 
520 |a Popis formátov, ktoré možno využiť pri natívnej reklame. 
610 2 0 |a reklama 
610 2 0 |a marketing elektronický 
610 2 0 |a značky výrobkov 
610 2 0 |a internet 
100 1 |a Kuchta, Martin, 1990-